Sổ tay y học : Những bài thuốc hay 74
Nội dung số này trình bày: viêm mũi; vị thuốc từ cây bình bát; trái cóc và những công dụng tuyệt vời; nhục đậu khấu - một số cây thuốc thường dùng chữa dị ứng;...
Saved in:
| Main Author: | |
|---|---|
| Other Authors: | |
| Format: | Book |
| Language: | Vietnamese |
| Published: |
Tp. Hồ Chí Minh
Thanh niên
2015
|
| Subjects: | |
| Tags: |
Add Tag
No Tags, Be the first to tag this record!
|
| Institutions: | Thư viện Trường Đại học Nam Cần Thơ |
|---|
| LEADER | 01163nam a22002537a 4500 | ||
|---|---|---|---|
| 001 | NCT_125530 | ||
| 008 | 220304b xxu||||| |||| 00| 0 vie d | ||
| 999 | |c 6430 |d 6430 | ||
| 020 | |c 7000 | ||
| 041 | 0 | |a vie | |
| 082 | 0 | 4 | |2 23rd ed. |a 615.32 |b Đ552 |
| 100 | 1 | |a Nguyễn Công Đức |e Chủ biên | |
| 245 | 1 | 0 | |a Sổ tay y học : |b Những bài thuốc hay |n 74 |c Nguyễn Công Đức, Hoàng Thanh Hiền (Chủ biên) |
| 260 | |a Tp. Hồ Chí Minh |b Thanh niên |c 2015 | ||
| 300 | |c 20cm | ||
| 310 | |a Hàng tháng | ||
| 362 | |a 09/2015 | ||
| 520 | 3 | |a Nội dung số này trình bày: viêm mũi; vị thuốc từ cây bình bát; trái cóc và những công dụng tuyệt vời; nhục đậu khấu - một số cây thuốc thường dùng chữa dị ứng;... | |
| 653 | |a Y đa khoa | ||
| 655 | |a Tạp chí | ||
| 700 | 1 | |a Hoàng Thanh Hiền |e Chủ biên | |
| 942 | |2 ddc |c CR | ||
| 952 | |0 0 |1 0 |2 ddc |4 0 |6 615_320000000000000_Đ552 |7 0 |9 24062 |a 000001 |b 000001 |d 2022-05-16 |o 615.32 Đ552 |r 2022-05-16 |w 2022-05-16 |y CR | ||
| 980 | |a Thư viện Trường Đại học Nam Cần Thơ | ||